Azotowe produkty przemian materii u zwierząt - zakres rozszerzony - Statystyki

Ogólne statystyki
  • Ten quiz został rozwiązany 6 razy
  • Średni wynik to 14 z 16
Statystyki odpowiedzi
Zwierzę Produkt wydalania % Poprawnych
Błazenek Amoniak
100%
Kijanka Amoniak
100%
Krokodyl Amoniak
100%
Pszczoła Kwas moczowy
100%
Żółw pustynny Kwas moczowy
100%
Królik Mocznik
100%
Słoń Mocznik
100%
Salamandra Mocznik
100%
Żółw błotny Mocznik
100%
Rak Amoniak
80%
Mrówka Kwas moczowy
80%
Legwan brązowy (heliofit) Kwas moczowy
80%
Sikorka Kwas moczowy
80%
Kolczatka australijska Mocznik
80%
Płaszczka Mocznik
80%
Rekin Mocznik
60%
Nie znaleziono quizów pasujących do podanych kryteriów
Rozkład punktacji
Procent ludzi z każdym wynikiem
Percentyl według liczby udzielonych odpowiedzi
Twoja historia wyników
Nie rozwiązałeś tego quizu